000 01645nam a2200373 i 4500
005 20220317001728.0
007 ta
008 170328s2015 ck a gr 000 0 spa d
020 _a9789583013164
040 _aCO-BoRNBP
_bspa
_cCO-BoRNBP
_erda
041 _aspa
084 _aLM STR2
100 1 _aStradelli, Ermanno, conde
_eautor
245 1 0 _aYuruparí
_cversión del Conde Ermanno Stradelli ; introducción y notas Roberto Pineda-Camacho ; traducción Beatriz Alzate Ángel ; ilustraciones Andrés Rey de Castro
250 _aPrimera edición
_bSéptima reimpresión
264 1 _aBogotá
_bPanamericana
_c2015
_c2017
300 _a238 páginas
_bilustraciones a color
_c21 cm
336 _atexto
_btxt
_2rdacontent
337 _asin mediación
_bn
_2rdamedia
338 _avolumen
_bnc
_2rdacarrier
490 _aLiteratura juvenil
500 _aIncluye glosario
504 _aIncluye bibliografía
504 _aIncluye datos biográficos de quien realiza la introducción y de la traductora
505 _aEl conde payéy la leyenda del legislador -- La intuición del Amazonas -- Una tierra de salvajes -- Los poderes del etnógrafo -- La música del diablo y el héroe reformador -- Regreso a Italia -- El encuentro con la leyenda -- Origen
650 1 7 _aLeyendas colombianas
_2ARMARC
650 1 7 _aLeyendas indígenas de colombia
_2ARMARC
650 1 7 _aMitología Indígena colombiana
_2ARMARC
650 1 7 _aLiteratura colombiana
_2ARMARC
700 1 _aPineda Camacho, Roberto
_9169335
700 1 _aRey de Castro, Andrés
_eilustrador
_9169336
700 1 _aAlzate Ángel, Beatriz
_etraductora
_9169337
942 _2loc
_cBKLIT
999 _c7878
_d7878